000 00722nam a2200205 i 4500
001 bg
100 1 _aBORKOWSKI, Józef.
245 0 _aPodstawy teoretyczne, narzędzia i technologia obróbki ścierniwem związanym.
_nCz. 3,
_pTechnologia wybranych procesów obróbkowych /
_cJ. Borkowski.
260 _aKoszalin,
_c1989.
490 1 _aSkrypty / Wyższa Szkoła Inżynierska w Koszalinie
650 9 _aSkrawanie
_xnarzędzia i maszyny
650 9 _aSzlifowanie
_xnarzędzia i maszyny
655 _aPodręczniki akademickie
830 0 _aSkrypty (Wyższa Szkoła Inżynierska w Koszalinie)
040 _cBPK
041 _apol
080 _a621.92(075.8)
942 _cKS
008 s pl f |000 0 pol
999 _c10282
_d10282
856 _uhttp://koha.tu.koszalin.pl/cgi-bin/koha/opac-detail.pl?biblionumber=10282
_yKatalog online BPK